000 00494nam a2200205 a 4500
001 BRCA_7301
005 20190320205802.0
008 250412s1921----gw-#######---#000-0#ger-#
041 _ager
044 _agw
050 4 _aPT2642
_b.B34 1921
100 1 _aBahr, Hermann
_d1863-1934
_918063
245 1 0 _aSummula
_cvon Hermann Bahr.
260 _aLeipzig
_bInsel
_c1921
300 _a221 p.
_c23 cm.
500 _aK139
650 1 4 _aLiteratura Alemana
_96160
902 _aGFM
942 _2lcc
_cB
999 _c6977
_d6977